Statistiken für FA-Cup-Gewinner

Klicken Sie hier um das Quiz zu spielen!

Allgemein

  • Dieses Quiz wurde 95 mal gespielt
  • Das Durchschnittsergebnis liegt bei 92 aus 142

Antwortstatistiken

SaisonSieger% Korrekt
1903-1904 | 1933-1934 | 1955-1956 | +4 othersManchester City
100%
1908-1909 | 1947-1948 | 1962-1963 | +9 othersManchester United
100%
1964-1965 | 1973-1974 | 1985-1986 | +5 othersLiverpool
99%
1929-1930 | 1935-1936 | 1949-1950 | +11 othersArsenal
96%
1969-1970 | 1996-1997 | 1999-2000 | +5 othersChelsea
96%
1900-1901Tottenham Hotspur
95%
1920-1921 | 1960-1961 | 1961-1962 | +4 othersTottenham Hotspur
91%
2020-2021Leicester City
90%
1886-1887Aston Villa
84%
1894-1895 | 1896-1897 | 1904-1905 | +3 othersAston Villa
80%
1909-1910 | 1923-1924 | 1931-1932 | +3 othersNewcastle United
79%
1963-1964 | 1974-1975 | 1979-1980West Ham United
79%
1897-1898Nottingham Forest
78%
1905-1906 | 1932-1933 | 1965-1966 | +2 othersEverton
77%
1958-1959Nottingham Forest
77%
1971-1972Leeds United
72%
1892-1893 | 1907-1908 | 1948-1949 | 1959-1960Wolverhampton Wanderers
72%
1975-1976Southampton
61%
1882-1883Blackburn Olympic
46%
1883-1884 | 1884-1885 | 1885-1886 | +3 othersBlackburn Rovers
46%
1091-1902 | 1898-1899 | 1914-1915 | 1924-1925Sheffield United
46%
1913-1914Burnley
45%
1936-1937 | 1972-1973Sunderland
45%
1926-1927Cardiff CIty
44%
1895-1896Sheffield Wednesday
38%
1891-1892West Bromwich Albion
35%
1938-1939 | 2007-2008Portsmouth
30%
1921-1922Huddersfield Town
28%
1922-1923 | 1924-1926 | 1928-1929 | 1957-1958Bolton Wanderers
27%
1977-1978Ipswich Town
27%
2012-2013Wigan Athletic
26%
1888-1889 | 1937-1938Preston N.E.
24%
1987-1988Wimbledon
23%
1952-1953Blackpool
22%
1946-1947Charlton Athletic
22%
1945-1946Derby County
22%
1873-1874Oxford University
22%
1906-1907 | 1934-1935Sheffield Wednesday
22%
1911-1912Barnsley
16%
1986-1987Coventry City
13%
1910-1911Bradford City
10%
1893-1894Notts County
9%
1878-1879 | 1881-1882Old Etonians
4%
1899-1900 | 1902-1903Bury
2%
1880-1881Old Carthusians
2%
1887-1888 | 1930-1931 | 1953-1954 | 1967-1968West Bromwich Albion
2%
1871-1872 | 1872-1873 | 1875-1876 | +2 othersWanderers
1%
1879-1880Clapham Rovers
0%
1874-1875Royal Engineers
0%

Verteilung der Resultate

Perzentil nach korrekt beantworteten Fragen

Anzahl Personen mit jedem Resultat

Ihre Resultats-Entwicklung

Sie haben dieses Quiz noch nicht gespielt